000 00898cam a22002891 4500
001 e 11001594
003 DLC
005 20260227111156.0
007 cr_|||||||||||
008 831215s1870 dcu f000 0 eng
010 _ae 11001594
035 _a(OCoLC)10222489
040 _aDLC
_cCtHT
_dCtHT
_dDLC
042 _apremarc
050 0 0 _aLB41
_b.U55
110 1 _aUnited States.
_bOffice of Education.
245 1 0 _aWhat is education?
_bOpinions of eminent men.
260 _aWashington,
_bGovt. Print. Off.,
_c1870.
300 _a16 p.
_c23 cm.
500 _aCover title.
500 _aAt head of title: Department of Education.
500 _aWritten by Henry Barnard.
530 _aAlso available in digital form on the Internet Archive Web site.
650 0 _aEducation.
700 1 _aBarnard, Henry,
_d1811-1900.
856 4 1 _uhttp://hdl.loc.gov/loc.gdc/scd0001.00004479166
999 _c19229
_d19229